000 00966aam a2200337 i 4500
001 vtls000874693
003 PNM
005 20200514091306.0
008 190415s2019 my g 000 f may
015 _aM19-04178
020 _a9789671692806
_qpaperback
_cRM 38.00
039 9 _a201905140903
_bsiti
_c201905131622
_dkalthom
_c201904151009
_dben
040 _aBNM
_beng
_cBNM
_erda
_dPPAK
049 _amal
082 0 4 _a899.2333
_223
090 0 0 _a899.2333
_bNUR
_dG
100 0 _aNuriffa,
_eauthor.
245 1 0 _aMI AMOR /
_cNuriffa ; Editor : Nur Atikah
264 1 _aMelaka :
_bNUR AFIFAH BINTI MOHD YUSOF,
_c[2019?]
300 _a606 pages ;
_c18 cm
336 _atext
_2rdacontent
337 _aunmediated
_2rdamedia
338 _avolume
_2rdacarrier
650 1 4 _aMalaysian fiction (Malay)
650 2 0 _aMalay fiction
700 0 _aNur Atikah,
_eeditor.
942 _2ddc
_cB
949 _62000672167
949 _62000672166
949 _62000672165
999 _c177136
_d177136